000 00329nam a22001337a 4500
008 170602b xxu||||| |||| 00| 0 eng d
020 _a9780073661568
041 _aeng
080 _a94
100 _a17
101 _aSHH
245 _aTWETIETH CENTURY PERSPECTIVES ON HISTORY AND GOVERMENT
_cANDREWS.P
942 _2udc
_cBK
999 _c15566
_d15566